000 00583nam a2200229Ia 4500
003 OSt
005 20220918180501.0
006 a|||||r|||| 00| 0
007 ta
008 220917b |||||||| |||| 00| 0 eng d
024 _a22,542
037 _cTextual
040 _aARTS
_cARTS
_beng
041 _2eng
_aeng
082 _aO:6M80x, H8
100 _aStrachey Lytton
_941678
245 0 _aBiographical essays
_b Collected works
260 _c1948
650 _aENGLISH LITERATURE
942 _hO:6M80x, H8
_cTEXL
_2CC
999 _c161757
_d161757